Employment warning (Record no. 44893)
[ view plain ]
| 000 -LEADER | |
|---|---|
| fixed length control field | 00780cab a2200205 4500 |
| 001 - CONTROL NUMBER | |
| control field | WB2542-15 |
| 008 - FIXED-LENGTH DATA ELEMENTS--GENERAL INFORMATION | |
| fixed length control field | 090401t1989 xxu||||| |||| 00| 0 eng d |
| 035 ## - SYSTEM CONTROL NUMBER | |
| System control number | (Sirsi) u71251 |
| 041 ## - LANGUAGE CODE | |
| Language code of text/sound track or separate title | eng |
| 245 ## - TITLE STATEMENT | |
| Title | Employment warning |
| 260 ## - PUBLICATION, DISTRIBUTION, ETC. | |
| Date of publication, distribution, etc. | 1989 |
| 350 ## - PRICE (NR) (BK AM CF MU VM SE) [OBSOLETE] | |
| Price | 0 |
| 490 ## - SERIES STATEMENT | |
| Series statement | Guardian |
| Volume/sequential designation | 25/10/89 p4 Independent 25/10/89 p8 (2) |
| 520 ## - SUMMARY, ETC. | |
| Summary, etc. | Speaking at the launch of a report by NEDO , Defusing the demographic timebomb, the SOS for Employment warned companies of the dangers of recruiting only from school leavers and urged them to tap alternative labour sources such as older workers, women with children, the disabled and ethnic minorities. |
| 650 ## - SUBJECT ADDED ENTRY--TOPICAL TERM | |
| Topical term or geographic name entry element | EMPLOYMENT |
| 650 ## - SUBJECT ADDED ENTRY--TOPICAL TERM | |
| Topical term or geographic name entry element | LABOUR SHORTAGE |
| 690 ## - LOCAL SUBJECT ADDED ENTRY--TOPICAL TERM (OCLC, RLIN) | |
| Topical term or geographic name as entry element | ECONOMIC AND SOCIAL |
| 942 ## - ADDED ENTRY ELEMENTS (KOHA) | |
| Suppress in OPAC | 0 |
| 948 ## - LOCAL PROCESSING INFORMATION (OCLC); SERIES PART DESIGNATOR (RLIN) | |
| c (OCLC) | 04/03/1997 |
| Withdrawn status | Lost status | Source of classification or shelving scheme | Damaged status | Not for loan | Home library | Current library | Shelving location | Date acquired | Total Checkouts | Full call number | Barcode | Date last seen | Copy number | Price effective from | Koha item type |
|---|---|---|---|---|---|---|---|---|---|---|---|---|---|---|---|
| Dewey Decimal Classification | London | London | News article | 14/09/1999 | WB2542-15 | 71251-1001 | 06/08/2019 | 1 | 06/08/2019 | News article |